15 things you should do I think - Statistics

General Stats
  • This quiz has been taken 6 times
  • The average score is 5 of 15
Answer Stats
Hint Answer % Correct
Cute IKEA shark. Blahaj
80%
Country where Porto is Portugal
80%
You get a free pass here. It's "a". "a"
60%
The sun season. Spring
60%
Big metal monument in Dublin. Big poke. Spire of Dublin
40%
Wensleydale cheese. Wallace and Gromit
40%
Waltuh. Breaking Bad
20%
British TV show of a old guy in a blue box Doctor Who
20%
QUICK! ____! Duck
20%
From Torchwood. Also has a shrine. Ianto
20%
It's near Banff, Scotland. And a castle. Inchdrewer Castle
20%
Place where Charles Kennedy was born Inverness
20%
It has a canal. Kiel
20%
Where the big lady with that torch is. New York State
20%
Has a National Park in Ireland named after it. Killarney
0%
No matching quizzes found
Score Distribution
Percent of People with Each Score
Percentile by Number Answered
Your Score History
You have not taken this quiz